000 00628nab a2200217 a 4500
001 61537
003 133733
005 20201118105831.0
008 ||||||n9999 ||| || ||
041 _aspa
100 _aSalas, Javier
245 0 _aEstimacion de la funcion de importaciones para Mexico :
_buna revision 1961-1986
260 _aMéxico :
_bFondo de Cultura Económica,
_c1988.
562 _e0
650 _aECONOMÍA
650 _aECONOMÍA--ESTADÍSTICA MATEMÁTICA
_y1961-1986
650 _aIMPORTACIONES
650 _aMÉXICO
773 _060973
_aEl Trimestre Económico - Vol.55 No.220
942 _cSART
999 _c61537
_d61537